000 00653nam a2200277Ia 4500
005 20260324130828.0
008 008 260324s9999 xx 000 0 eng d
020 _a9781315855202
037 _aEBOOK
040 _aCRL
040 _beng
040 _cCRL
041 _2eng
041 _aeng
084 _qCRL
100 _aElizabeth Breaux
_91178039
245 0 _aHow to Reach and Teach All Students—Simplified
260 _bTaylor and Francis
260 _c2007
365 _a
365 _b180
856 _uhttp://www.taylorfrancis.com/books/9781315855202
942 _cEBOOK
999 _c1779790
_d1779790